Представление документа в формате MARC21

Поле Инд. ПП Название Значение
Тип записи a
Библиографический уровень m
001 Контрольный номер RU/IS/BASE/225367068
005 Дата корректировки 20151223104521.0
020 00 c Цена, тираж 19-20
084 a Индекс другой классификации/Индекс ББК 63.3(0)63
090 a Полочн. индекс 63.3
x Авторский знак Ж 54
245 00 a Заглавие Женевские конвенции от 12 августа 1949 года и дополнительные протоколы к ним
c Ответственность Междунар. ком. Крас. Креста
260 00 a Место издания Москва
c Дата издания 1997
300 00 a Объем 320 с.
650 _4 a Основная рубрика Международные договоры; Женевские конвенции, 1949
653 00 a Ключевые слова Женевские конвенции 1949 г.